| 000 | 00607nam a2200193Ia 4500 | ||
|---|---|---|---|
| 003 | GCL | ||
| 008 | 140319s9999 xx 000 0 ara d | ||
| 040 |
_aGCL / _cGCL |
||
| 082 | 0 | 4 |
_a812.052 _bن د |
| 100 | 1 | _aنبيل راغب | |
| 245 | 1 | 0 |
_aالدراما الواقعية عند نعمان عاشور / _cنبيل راغب |
| 260 |
_a[S.N] : _bالهيئة المصرية العامة للكتاب ، _c1982 |
||
| 300 | _a246 ص | ||
| 490 | _a | ||
| 650 | 0 | 4 | _aالادب العربى |
| 650 | 0 | 4 | _aالمسرحيات |
| 650 | 0 | 4 | _aالواقعية فى الادب العربى |
| 942 |
_2ddc _cBK |
||
| 999 |
_c28428 _d28428 |
||